El cuaderno del pendolista / (Record no. 193387)

MARC details
000 -LEADER
campo de control de longitud fija 01424nam a2200385 i 4500
001 - NÚMERO DE CONTROL
campo de control 193387
003 - IDENTIFICADOR DE NÚMERO DE CONTROL
campo de control ES-MaACL
005 - FECHA Y HORA DE LA ÚLTIMA TRANSACCIÓN
campo de control 20240902063040.0
007 - CAMPO FIJO DE DESCRIPCIÓN FÍSICA--INFORMACIÓN GENERAL
campo de control de longitud fija ta
008 - DATOS DE LONGITUD FIJA--INFORMACIÓN GENERAL
campo de control de longitud fija 231113b sp ||||| |||| 00| 0 spa d
020 ## - NÚMERO INTERNACIONAL ESTÁNDAR DEL LIBRO
Número Internacional Estándar del Libro 9781940856339
040 ## - FUENTE DE CATALOGACIÓN
Lengua de catalogación spa
Centro/agencia transcriptor ES-MaACL
080 ## - NÚMERO DE LA CLASIFICACIÓN DECIMAL UNIVERSAL
Número de la Clasificación Decimal Universal 821.134.2-32"19"
100 1# - ENTRADA PRINCIPAL--NOMBRE DE PERSONA
Nombre de persona Palomera Güez, Federico,
Fechas asociadas al nombre 1951-
Término indicativo de función/relación Autor
9 (RLIN) 234553
245 13 - MENCIÓN DEL TÍTULO
Título El cuaderno del pendolista /
Mención de responsabilidad, etc. Federico Palomera Güez ; [prólogo, Álvaro Hernando]
250 ## - MENCION DE EDICION
Mención de edición First edition
260 ## - PUBLICACIÓN, DISTRIBUCIÓN, ETC.
Lugar de publicación, distribución, etc. Chicago :
Nombre del editor, distribuidor, etc. Pandora Lobo Estepario Productions,
Fecha de publicación, distribución, etc. 2017
300 ## - DESCRIPCIÓN FÍSICA
Extensión 108 páginas ;
Dimensiones 23 cm
336 ## - TIPO DE CONTENIDO
Fuente rdacontent
Término de tipo de contenido Texto
337 ## - TIPO DE MEDIO
Fuente rdamedia
Nombre/término del tipo de medio sin mediación
338 ## - TIPO DE SOPORTE
Fuente rdacarrier
Nombre/término del tipo de soporte volumen
500 ## - NOTA GENERAL
Nota general En cub.: Cuento
500 ## - NOTA GENERAL
Nota general Índice
520 ## - RESUMEN, ETC.
Sumario, etc. Un libro de cuentos de Federico Palomera Güez.
655 #7 - TERMINO DE INDIZACIÓN--GENERO/FORMA
9 (RLIN) 226829
Datos o término principal de género/forma Cuentos
700 ## - ENTRADA AGREGADA--NOMBRE PERSONAL
Nombre de persona Hernando Freile, Álvaro
Término indicativo de función/relación Autor de introducción
9 (RLIN) 234554
852 ## - LOCALIZACIÓN
Ubicación ES-MaACL
Sublocalización o colección R. 154750
Ubicación en estantería Depósito J
Número de control de estantería N-9543
itemnumber 200833
Anotaciones manuscritas Dedicatoria autógrafa del autor
Donativo/Legado Donación: Federico Palomera Güez
Encuadernación Un libro de cuentos de Federico Palomera Güez.
903 ## - NOMBRE PERSONAL DE DONANTE
a Palomera Güez, Federico,
d 1951-
e Donante
9 234553
942 ## - ELEMENTOS DE ENTRADA SECUNDARIOS (KOHA)
Suprimir en OPAC No
Tipo de ítem Koha Libro impreso
Holdings
Estatus retirado Estado de pérdida Fuente del sistema de clasificación o colocación Estado de daño No para préstamo Colección Biblioteca de origen Biblioteca actual Ubicación en estantería Fecha de adquisición Fuente de adquisición Número de control de estantería Total de préstamos Signatura topográfica completa Código de barras Visto por última vez Tipo de ítem Koha Nota pública
    Clasificación decimal universal     Libros con dedicatorias Biblioteca del Ateneo de Madrid Biblioteca del Ateneo de Madrid Depósito J 13/11/2023 Donación Ateneísta   N-9543 101206127 13/11/2023 Libro impreso Dedicatoria autógrafa del autor